000
00217nas a2200097Ia 4500
022
_a
0019-5545
245
_a
Indian Journals of Psychiatry
260
_c
2010
_a
INDIA
_b
WOLTER KLUWER
310
_a
Quaterly
942
_2
ddc
_c
LJ
999
_c
6184
_d
6184